MARC

LEADER 00000nam0a2200000 4500
001 679849
005 20250423111516.0
090 |a 679849 
100 |a 20250423d1979 m||y0rusy50 ca 
101 0 |a rus 
102 |a RU 
105 |a a g 000yy 
181 0 |a i   |b  e  
182 0 |a n 
183 0 |a nc  |2 RDAcarrier 
200 1 |a Телевизоры  |e справочная книга  |f Н. В. Громов, В. С. Тарасов  |g под ред. К. Т. Колина 
203 |a Текст  |b визуальный  |c непосредственный 
205 |a 2-е изд., перераб. и доп. 
210 |a Ленинград  |c Лениздат  |d 1979 
215 |a 240 с.  |c ил. 
283 |a volume  |2 RDAcarrier 
606 1 |a Электроника телевизионная  |9 45451 
610 1 |a телевизоры 
610 1 |a телевизионная техника 
610 1 |a телевизионные сигналы 
610 1 |a помехи 
610 1 |a прием 
610 1 |a передача 
610 1 |a функциональные схемы 
610 1 |a черно-белое изображения 
610 1 |a цветное телевидение 
610 1 |a схемы 
610 1 |a неисправности 
610 1 |a справочники 
675 |a 621.397.6(035)  |v 4 
700 1 |a Громов  |b Н. В.  |g Николай Васильевич 
701 1 |a Тарасов  |b В. С.  |g Валерий Сергеевич 
702 1 |4 340  |a Колин  |b К. Т. 
801 0 |a RU  |b 63413507  |c 20250423 
830 |a Ретро2025Каталогизация Кузнецова 
850 |a 63413507 
942 |c BK